U.S. State Capitals by First Letter - Statistics

General Stats
  • This quiz has been taken 29,526 times
  • The average score is 13 of 50
Answer Stats
State Capital % Correct
Hawaii Honolulu
32%
New York Albany
31%
California Sacramento
31%
Georgia Atlanta
30%
Texas Austin
30%
Massachusetts Boston
29%
Colorado Denver
29%
Indiana Indianapolis
29%
Alaska Juneau
29%
Oklahoma Oklahoma City
29%
Utah Salt Lake City
29%
Florida Tallahassee
29%
Ohio Columbus
28%
Arizona Phoenix
28%
Louisiana Baton Rouge
27%
Idaho Boise
27%
Arkansas Little Rock
27%
Iowa Des Moines
26%
Tennessee Nashville
26%
Rhode Island Providence
26%
New Mexico Santa Fe
26%
Illinois Springfield
26%
Maryland Annapolis
25%
Maine Augusta
25%
Wyoming Cheyenne
25%
Delaware Dover
25%
Pennsylvania Harrisburg
25%
Wisconsin Madison
25%
Washington Olympia
25%
Minnesota Saint Paul
25%
Oregon Salem
25%
New Jersey Trenton
25%
Nevada Carson City
24%
South Carolina Columbia
24%
Montana Helena
24%
Mississippi Jackson
24%
Michigan Lansing
24%
Alabama Montgomery
24%
North Carolina Raleigh
24%
Virginia Richmond
24%
Kansas Topeka
24%
West Virginia Charleston
23%
Connecticut Hartford
23%
Nebraska Lincoln
23%
Vermont Montpelier
23%
North Dakota Bismarck
22%
Kentucky Frankfort
22%
South Dakota Pierre
22%
Missouri Jefferson City
21%
New Hampshire Concord
20%
No matching quizzes found
Score Distribution
Percent of People with Each Score
Percentile by Number Answered
Your Score History
You have not taken this quiz